Normal view
MARC view
- Benton, W.C
Entry Personal Name
001 - CONTROL NUMBER
- control field: 66001
003 - CONTROL NUMBER IDENTIFIER
- control field: NUST
005 - DATE AND TIME OF LATEST TRANSACTION
- control field: 20210628203525.0
008 - FIXED-LENGTH DATA ELEMENTS
- fixed length control field: 210628|| aca||aabn | a|a d
040 ## - CATALOGING SOURCE
- Original cataloging agency: NUST
- Transcribing agency: NUST
100 ## - HEADING--PERSONAL NAME
- Personal name: Benton, W.C
670 ## - SOURCE DATA FOUND
- Source citation: Work cat.: (NUST): Benton, W.C, Purchasing and supply managemnet, 2007
